Đang tải...

Provenance, sedimentation and geochemistry of the modern sediments of the fluvial and deltaic realms of certain selected rivers of central Kerala, India

Chi tiết về thư mục
Tác giả chính: Srinivas Gupta, C.
Định dạng: Ph.D Thesis
Ngôn ngữ:English
Được phát hành: Cochin School of Marine Science, CUSAT 1992
LEADER 00562nam a22001337a 4500
005 20151028162346.0
008 091121t xxu||||| |||| 00| 0 eng d
082 |a T62 
100 |a Srinivas Gupta, C.  |9 13997 
245 |a Provenance, sedimentation and geochemistry of the modern sediments of the fluvial and deltaic realms of certain selected rivers of central Kerala, India 
942 |c BK  |6 _ 
260 |a Cochin  |b School of Marine Science, CUSAT  |c 1992 
999 |c 80659  |d 80659 
952 |0 0  |1 0  |2 ddc  |4 0  |6 T62_  |7 0  |9 94014  |a SOS  |b SOS  |d 2009-11-21  |o T62  |p MS00T062  |r 2009-11-21  |w 2009-11-21  |y TH